| 000 | 00855cad a22002055a 4500 | ||
|---|---|---|---|
| 001 | 111323 | ||
| 008 | 101028s2010 xxk f 000 0 eng d | ||
| 035 | _a(Sirsi) u151376 | ||
| 041 | 0 | _aeng | |
| 050 | 0 | 4 | _a690.24 $2 20 |
| 110 | 2 |
_aRoyal Institution of Chartered Surveyors _94900 |
|
| 245 | 0 | 2 |
_aA clear guide to flooding for property owners _c[old edition] |
| 260 |
_aLondon, _bRICS, _c2010 |
||
| 490 | _aRICS Consumer Guide | ||
| 520 | _aRICS flooding consumer guide for property owners published by the RICS Flooding Working Group. With practical advice on how to prepare for a flood including information such as the risk to a property from flooding and what to do if a property is flooded. | ||
| 590 | _aKA | ||
| 651 | 4 | _aUnited Kingdom | |
| 690 | _aENVIRONMENTAL AND LAND CONSULTANCY-WATER RESOURCE MANAGEMENT-FLOODING | ||
| 942 |
_n0 _2ddc |
||
| 999 |
_c111323 _d111323 |
||